• 首页
  • 本馆介绍
  • 公告通知
  • 最新文献
  • 馆藏检索
  • 电子资源
  • 读者导购
  • 参考咨询
  • 我的图书馆
  • 登录
  • 详细信息显示
  • 放入我的书架
  • 预约/预借图书
  • 作者相关作品
  • 分类相关作品
  • 丛书相关作品
  • 出版社相关作品

书目信息

  • 表格格式
  • 工作单格式
  • 卡片格式
题名:
幽默与反幽默
    
 
作者: 杨敬敬 编著
分册:  
出版信息: 北京   北京时代华文书局  2018
页数: 167页
开本: 23cm
丛书名:
单 册:
中图分类: I287.7 , B83-49
科图分类:
主题词: 儿童文学--笑话--中国--当代--选集 , 美学
电子资源:
ISBN: 978-7-5699-2102-1
000 01028nam0 2200265 450
001 4465
005 20180613170639.77
010    @a978-7-5699-2102-1@dCNY35.00
100    @a20180612d2018 cemy0chiy50 ea
101 0  @achi
102    @aCN@b110000
105    @aa z 000dy
200 1  @a幽默与反幽默@9you mo yu fan you mo@f杨敬敬编著
210    @a北京@c北京时代华文书局@d2018
215    @a167页@c彩图@d23cm
300    @a陪伴孩子一生的奇妙故事
314    @a杨敬敬,女,河北邯郸人,毕业于首都师范大学,教育学专业学士学位。现任教于石家庄一中,是市作协委员。出版的作品有《这样做女孩最优秀 》、《人际交往的智慧》、《这样做男孩最优秀》等。
330    @a本书精选了时下流行的诸多幽默故事,将生活的智慧融入幽默,旨在培养青少年乐观精神和幽默修养,让孩子拥有面对困难的勇气,化解矛盾的智慧,享受生活的心态。
606 0  @a儿童文学@x笑话@y中国@z当代@j选集
606 0  @a美学
690    @aI287.7@v5
690    @aB83-49@v4
701  0 @a杨敬敬@9yang jing jing@4编著
801  0 @aCN@b91MARC@c20180612
905    @aMuseLib@dB83-49@e343
    
    幽默与反幽默/杨敬敬编著.-北京:北京时代华文书局,2018
    167页:彩图;23cm
    陪伴孩子一生的奇妙故事
    
    ISBN 978-7-5699-2102-1:CNY35.00
    本书精选了时下流行的诸多幽默故事,将生活的智慧融入幽默,旨在培养青少年乐观精神和幽默修养,让孩子拥有面对困难的勇气,化解矛盾的智慧,享受生活的心态。
●
相关链接 在E读中查询图书 在五车中查询图书 在当当中查询图书 在豆瓣中查询图书


正题名:幽默与反幽默     索取号:B83-49/343         预约/预借

序号 登录号 条形码 馆藏地/架位号 状态 备注
1 1117683   211176831   第一样本阅览室/ [索取号:B83-49/343] 在馆    
2 1117684   211176840   教育系资料室/ [索取号:B83-49/343] 在馆    
3 1117685   211176859   教育系资料室/ [索取号:B83-49/343] 在馆    
4 1117686   211176868   教育系资料室/ [索取号:B83-49/343] 在馆    
5 1117687   211176877   第一借阅区/ [索取号:B83-49/343] 在馆    
唐山师范学院图书馆 欢迎您!
大连网信软件有限公司© 版权所有